La civilización puesta a prueba
Gespeichert in:
| 1. Verfasser: | |
|---|---|
| Format: | Buch |
| Sprache: | Spanisch |
| Veröffentlicht: |
Buenos Aires
Emecé
1967
|
| Schriftenreihe: | Colección Piragua. Ensayos, 34
|
| Schlagworte: | |
| Tags: |
Tag hinzufügen
Keine Tags, Fügen Sie den ersten Tag hinzu!
|
MARC
| LEADER | 00000cam a2200000 a 4500 | ||
|---|---|---|---|
| 001 | UCP4277 | ||
| 003 | CL-VaPUC | ||
| 008 | 990724e19670000AG |||||||||||||||||spa|d | ||
| 082 | 0 | 4 | |a 901 |b TOY |2 21 |
| 100 | |a Toynbee, Arnold Joseph |e autor |9 315218 | ||
| 245 | 1 | 3 | |a La civilización puesta a prueba |
| 300 | |a 198 p | ||
| 942 | |c BK | ||
| 945 | |d 19990724 00:00:00 |a lriquelm | ||
| 260 | |a Buenos Aires |b Emecé |c 1967 | ||
| 650 | 0 | |a Filosofía de la historia |9 265651 | |
| 650 | 0 | |a Civilización |9 255823 | |
| 650 | 0 | |a Teoría de la historia |9 317951 | |
| 650 | 0 | |a Ensayos |9 268724 | |
| 583 | |a last modification |c 20120914 12:30:29 |k Rodrigo Vera | ||
| 490 | 0 | |a Colección Piragua. Ensayos, 34 | |
| 999 | |c 282280 |d 282278 | ||
| 952 | |0 0 |1 0 |4 0 |6 901_000000000000000_TOY_1967 |7 0 |8 A |9 323904 |a BIBHIS |b BIBHIS |d 2019-11-20 |i 1366173 |o 901 TOY 1967 |p 1366173 |r 2025-01-20 |w 2019-11-20 |y BK |k HIS | ||
| 952 | |0 0 |1 0 |4 0 |6 901_000000000000000_TOY_1967 |7 0 |8 A |9 323905 |a BIBHIS |b BIBHIS |d 2019-11-20 |i 1366181 |o 901 TOY 1967 |p 1366181 |r 2025-01-20 |w 2019-11-20 |y BK |k HIS | ||
| 952 | |0 0 |1 0 |4 0 |6 901_000000000000000_TOY_1967 |7 0 |8 A |9 323906 |a BIBHIS |b BIBHIS |d 2019-11-20 |i 136619K |o 901 TOY 1967 |p 136619K |r 2025-01-20 |w 2019-11-20 |y BK |k HIS | ||
| 952 | |0 0 |1 0 |4 0 |6 901_000000000000000_TOY_1967 |7 0 |8 A |9 323908 |a BIBHIS |b BIBHIS |d 2019-11-20 |i 490348K |o 901 TOY 1967 |p 490348K |r 2025-01-20 |w 2019-11-20 |y BK |k HIS | ||